000
00399nam a2200133Ia 4500
008
100328s9999 xx 000 0 und d
082
_b
17442
100
_a
रंजीत कर्नल
245
_a
खून के छींटे
260
_b
शिक्षा भारती
630
_a
खून के छींटे
730
_a
खून के छींटे
942
_c
BOOK
999
_c
512017
_d
512014